| 000 | 00414nam a2200157Ia 4500 | ||
|---|---|---|---|
| 008 | 230718s9999 xx 000 0 und d | ||
| 041 | _aeng | ||
| 082 |
_a658.403019 _bSUL |
||
| 100 |
_aSullivan Ed. _9165356 |
||
| 245 | _aUnder Pressure and Ontime | ||
| 260 |
_c2001 _bMicrosoft/W. P. Pub. |
||
| 300 | _a271 | ||
| 365 |
_cRs. _b350.00 |
||
| 700 |
_aSullivan Ed. _9165356 |
||
| 906 |
_dB:55724-Oct-2001 _cMGMT _b52.5 |
||
| 999 |
_c302389 _d302389 |
||